| Tag |
First Indicator |
Second Indicator |
Subfields |
| LEADER |
00000cam a2200000 4500 |
| 001 |
in00000175673 |
| 005 |
20151008082102.0 |
| 008 |
710305s1971 nyuc 00010bengxd |
| 010 |
|
|
|a 73131182
|
| 035 |
|
|
|a (OCoLC)00124674
|
| 035 |
|
|
|9 AAT5330AM
|
| 037 |
|
|
|c $7.95
|
| 040 |
|
|
|a DLC
|c DLC
|d TXA
|d UtOrBLW
|
| 041 |
1 |
|
|a eng
|a rus
|
| 049 |
|
|
|a TXAM
|c [857026]
|
| 082 |
0 |
|
|a 891.7/3/3
|a B
|
| 090 |
|
|
|a PG3395
|b .B7913
|
| 100 |
1 |
|
|a Bulgakov, Valentin,
|d 1886-1966.
|
| 240 |
1 |
0 |
|a U L.N. Tolstogo v posliednii god ego zhizni. English
|
| 245 |
1 |
4 |
|a The last year of Leo Tolstoy /
|c [by] V. F. Bulgakov. Translated from the Russian by Ann Dunnigan. With an introd. by George Steiner.
|
| 264 |
|
1 |
|a New York :
|b Dial Press,
|c 1971.
|
| 300 |
|
|
|a xxv, 235 pages :
|b portrait ;
|c 24 cm.
|
| 336 |
|
|
|a text
|b txt
|2 rdacontent
|
| 337 |
|
|
|a unmediated
|b n
|2 rdamedia
|
| 338 |
|
|
|a volume
|b nc
|2 rdacarrier
|
| 500 |
|
|
|a Translation of U L. N. Tolstogo v posliednii god ego zhizni (romanized form)
|
| 600 |
1 |
0 |
|a Tolstoy, Leo,
|c graf,
|d 1828-1910
|x Last years.
|
| 999 |
|
|
|a MARS
|
| 999 |
f |
f |
|s ad2e157b-5b62-36c5-b960-723b174f7db7
|i 45847368-181c-3b33-85c6-dd2345685fa6
|t 0
|
| 952 |
f |
f |
|p ric
|a Texas A&M University
|b Rellis Campus
|c Joint Library Facility
|s JLF
|d Remote Storage
|t 0
|e PG3395 .B7913
|h Library of Congress classification
|i unmediated -- volume
|m A14803623456
|
| 998 |
f |
f |
|a PG3395 .B7913
|t 0
|l Remote Storage
|